5 to 1: Asian Countries Quiz Stats

 Plays Quiz Updated Feb 27, 2018

Support Sporcle.
Go Orange.
Score 0/15 Timer 03:00
16 Plays Today
% Correct
Saudi Arabia
97.9%
United Arab Emirates
97.3%
China
96.9%
Qatar
96.7%
Yemen
96%
Philippines
95.7%
Oman
95.7%
Indonesia
95.6%
% Correct
India
95.3%
Maldives
94.9%
Japan
93%
Azerbaijan
90.1%
Georgia
87.2%
Armenia
85.6%
Uzbekistan
83.8%

From the Vault

Border Chain Minefield IV

by mrsmith

A chain is only as strong as its weakest link. Sage advice that won't give you the slightest help on this quiz.
Remove Ads.
Support Sporcle.
Get the best of Sporcle when you Go Orange. This ad-free experience offers more features, more stats, and more fun while also helping to support Sporcle. Thank you for becoming a member.

Show Comments

Extras

Top Quizzes Today


Score Distribution

Your Account Isn't Verified!

In order to create a playlist on Sporcle, you need to verify the email address you used during registration. Go to your Sporcle Settings to finish the process.

Report this User

Report this user for behavior that violates our Community Guidelines.

Details: